| 000 | 00661nam a2200133Ia 4500 | ||
|---|---|---|---|
| 008 | 171212s9999 xx 000 0 und d | ||
| 020 | _a9781607325499 | ||
| 100 | _aSabol, Steven | ||
| 245 |
_cSabol, Steven _a"The Touch of Civilization" _bComparing American and Russian Internal Colonization |
||
| 260 |
_bUniversity Press of Colorado _c2017 |
||
| 650 | _aComparative civilization; Imperialism -- History; United States -- Territorial expansion; Russia -- Territorial expansion; Collective memory -- Russia; Collective memory -- United States; Dakota Indians -- History; Kazakhs -- History | ||
| 650 | _aHistory | ||
| 856 | _uhttp://jstor.org/stable/j.ctt1mtz7g6 | ||
| 999 |
_c353023 _d353023 |
||